Obras de don Félix José Reinoso. (Record no. 163221)

MARC details
000 -LEADER
campo de control de longitud fija 00972nam a22002295i 4500
001 - NÚMERO DE CONTROL
campo de control 163221
003 - IDENTIFICADOR DE NÚMERO DE CONTROL
campo de control ES-MaACL
005 - FECHA Y HORA DE LA ÚLTIMA TRANSACCIÓN
campo de control 20230906212710.0
008 - DATOS DE LONGITUD FIJA--INFORMACIÓN GENERAL
campo de control de longitud fija 990917m18721879sp |||| | spa d
040 ## - FUENTE DE CATALOGACIÓN
Centro catalogador/agencia de origen CCPB | B
Lengua de catalogación spa
Centro/agencia transcriptor CCPB | B
100 0# - ENTRADA PRINCIPAL--NOMBRE DE PERSONA
Nombre de persona Reinoso, Félix José.
9 (RLIN) 96067
245 10 - MENCIÓN DEL TÍTULO
Título Obras de don Félix José Reinoso.
260 ## - PUBLICACIÓN, DISTRIBUCIÓN, ETC.
Lugar de publicación, distribución, etc. Sevilla :
Nombre del editor, distribuidor, etc. Imprenta y Librería Española y Extrangera de Rafael Tarascó y Lassa,
Fecha de publicación, distribución, etc. 1872-1879.
300 ## - DESCRIPCIÓN FÍSICA
Extensión 2 v. (CCXI, 324 p., [1] h. de lám. ; XXX, 398 p.) ;
Dimensiones 16 cm.
490 1# - MENCIÓN DE SERIE
Mención de serie Sociedad de Bibliófilos Andaluces. Segunda serie
505 8# - NOTA DE CONTENIDO CON FORMATO
Nota de contenido con formato Contiene: t. 1. Poesías (CCXI, 234 p.) -- t. 2. Obras en prosa (XXX, 398 p.)
530 ## - NOTA DISPONIBLE DE FORMULARIO FÍSICO ADICIONAL
Nota de formato físico adicional disponible Disponible en formato digital.
830 0# - PUNTO DE ACCESO ADICIONAL DE SERIE-TÍTULO UNIFORME
Título uniforme Sociedad de Bibliófilos Andaluces. Segunda serie
9 (RLIN) 222225
852 ## - LOCALIZACIÓN
Ubicación ES-MaACL
Número de control de estantería B-5535-36
Nota libre -- Enc. hol.
856 ## - LOCALIZACIÓN Y ACCESO ELECTRÓNICOS
Identificador Uniforme de Recursos <a href="http://bdh-rd.bne.es/viewer.vm?id=0000146741&page=1 ">http://bdh-rd.bne.es/viewer.vm?id=0000146741&page=1 </a>
Nota pública Biblioteca Digital Hispánica
Holdings
Estatus retirado Estado de pérdida Estado de daño No para préstamo Colección Biblioteca de origen Biblioteca actual Ubicación en estantería Fecha de adquisición Total de préstamos Signatura topográfica completa Código de barras Visto por última vez Precio de reemplazo Tipo de ítem Koha
        Colección digital Biblioteca del Ateneo de Madrid Biblioteca del Ateneo de Madrid Sala Pardo Bazán 17/01/2008   B-5535-36 1171036 23/02/2023 23/02/2023 Libro impreso antiguo